000 01970nam a22002417a 4500
999 _c58402
_d58402
003 Ge_BSU
005 20221221132621.0
008 220118s2022 ge ||||| |||| 00| 0 geo d
041 _ageo
080 _a33 ბ-52
100 _aბერიძე, პაატა
_913401
245 _aაჭარის ავტონომიური რესპუბლიკის ქონების მართვის პოლიტიკის სრულყოფის მექანიზმები და მათი როლი ბიზნესის სტიმულირებაში :
_bდისერტაცია /
_cპაატა ბერიძე; სამეცნიერო ხელმძღვანელი პაატა აროშიძე; ბსუ. ეკონომიკისა და ბიზნესის ფაკულტეტი. ბიზნესის ადმინისტრირების, მენეჯმენტის და მარკეტინგის დარგობრივი დეპარტამენტი.
264 _aბათუმი,
_c2022.
300 _a193 გვ.;
_b30 სმ.
501 _aდანართი გვ.145-193
504 _aბიბლიოგრ. გვ135 -144
653 _aეკონომიკა
653 _aბიზნესის ადმინისტრირება
653 _aდისერტაცია
700 _aაროშიძე, პაატა
_eსამეცნიერო ხელმძღვანელი
_94137
710 _aბსუ. ეკონომიკისა და ბიზნესის ფაკულტეტი.
_bბიზნესის ადმინისტრირების, მენეჯმენტის და მარკეტინგის დარგობრივი დეპარტამენტი.
_913402
942 _2udc
_cDS